Student guide to Income Tax 2012-2013 / (Record no. 67161)

MARC details
000 -LEADER
fixed length control field 00658nam a22001937a 4500
005 - DATE AND TIME OF LATEST TRANSACTION
control field 20120525141142.0
010 ## - LCCN (DPL NO)
LC control number B-477813
020 ## - INTERNATIONAL STANDARD BOOK NUMBER
International Standard Book Number 9788171949663
Terms of availability 510.00
037 ## - SOURCE OF ACQUISITION
Stock number K.K.Pub/Bl2032/23.5.12
Source of stock number/acquisition RP/Shahdara
082 ## - DEWEY DECIMAL CLASSIFICATION NUMBER
Classification number 336.24
100 ## - MAIN ENTRY--PERSONAL NAME
Personal name Singhania,Vinod K.
245 ## - TITLE STATEMENT
Title Student guide to Income Tax 2012-2013 /
Statement of responsibility, etc by Vinod K. Singhania
260 ## - PUBLICATION, DISTRIBUTION, ETC. (IMPRINT)
Place of publication, distribution, etc New Delhi
Name of publisher, distributor, etc Taxman pub
Date of publication, distribution, etc 2012
270 ## - ADDRESS
Address 21/35 West punjabi Bagh
City New Delhi
300 ## - PHYSICAL DESCRIPTION
Extent vi,1011pg
Dimensions 24cm
710 ## - ADDED ENTRY--CORPORATE NAME
Corporate name or jurisdiction name as entry element monica singhania
9 (RLIN) 47924
942 ## - ADDED ENTRY ELEMENTS (KOHA)
Source of classification or shelving scheme Dewey Decimal Classification
Item type English Books
Classification part 336.24
Call number suffix SIN
Holdings
Withdrawn status Lost status Not for loan Collection code Home library Current library Date acquired Source of acquisition Cost, normal purchase price Full call number Barcode Copy number Cost, replacement price Koha item type
      Non-fiction Shahdara Branch Shahdara Branch 27/06/2018 BPPD/PUB 510.00 336.24 SIN b-477813 1 510.00 English Books

© Delhi Public Library
Hit Counter
free hit counter